Twenty One Pilots - All Songs Breach Updated - Statistics

General Stats
  • This quiz has been taken 541 times
    286 since last reset
  • The average score is 85 of 111
Answer Stats
Hint Answer % Correct
Heavydirtysoul
93%
Jumpsuit
93%
City Walls
92%
Stressed Out
92%
The Contract
91%
Drum Show
90%
Overcompensate
90%
Garbage
89%
Levitate
89%
Nico And The Niners
88%
Paladin Strait
87%
Pet Cheetah
87%
RAWFEAR
87%
Ride
87%
Chlorine
86%
Intentions
86%
Leave the City
86%
Next Semester
86%
Tally
86%
Trees
86%
Cottonwood
85%
Goner
85%
Heathens
85%
Scaled and Icy Shy Away
85%
Backslide
84%
Holding On To You
84%
Neon Gravestones
84%
Car Radio
83%
My Blood
83%
Truce
83%
Bandito
82%
Navigating
82%
Scaled and Icy Redecorate
82%
Tear In My Heart
82%
At the Risk of Feeling Dumb
81%
Guns For Hands
81%
Morph
81%
One Way
81%
The Line
81%
Vignette
81%
Fairly Local
80%
Lavish
80%
Level of Concern
80%
Midwest Indigo
80%
Routines in the Night
80%
The Judge
80%
Days Lie Dormant
79%
Ode To Sleep
79%
Robot Voices
79%
The Craving (Jenna's Version)
79%
We Don't Believe What's On TV
79%
Scaled and Icy Choker
78%
Doubt
78%
Legend
78%
Migraine
78%
Oldies Station
78%
Snap Back
77%
Downstairs
76%
Hometown
76%
House of Gold
76%
Center Mass
75%
Cut My Lip
75%
Scaled and Icy Good Day
75%
Not Today
75%
Scaled and Icy Saturday
75%
Semi-Automatic
75%
Smithereens
75%
Lane Boy
74%
Scaled and Icy Mulberry Street
74%
The Hype
74%
Message Man
73%
Scaled and Icy No Chances
73%
Screen
73%
The Run and Go
73%
Kitchen Sink
72%
Polarize
72%
Scaled and Icy Bounce Man
71%
Fake You Out
71%
Scaled and Icy The Outside
71%
Ruby
70%
A Car, a Torch, a Death
69%
Isle of Flightless Birds
69%
Addict With a Pen
68%
Cancer
68%
Forest
68%
Johnny Boy
67%
Taxi Cab
67%
The Pantaloon
67%
Scaled and Icy Formidable
66%
Implicit Demand for Proof
66%
Fall Away
65%
Oh Ms. Believer
65%
Trapdoor
64%
Christmas Saves the Year
63%
Scaled and Icy Never Take It
61%
March to the Sea
59%
Air Catcher
58%
Friend, Please
58%
Anathema
57%
Glowing Eyes
57%
Slowtown
57%
Before You Start Your Day
56%
Lovely
55%
Be Concerned
52%
Clear
52%
Two
46%
No matching quizzes found
Score Distribution
Percent of People with Each Score
Percentile by Number Answered
Your Score History
You have not taken this quiz since the last reset